000 00663nam a22002657a 4500
001 28418
003 UA-OsUOA
005 20200213203338.0
007 ta
008 20050323b un ||||| |||| 00| 0 ukr d
020 _a5824304831
040 _aUA-OsUOA
_brus
_cUA-OsUOA
_dUA-OsUOA
041 _arus
044 _aRU
080 _a008:316.73
090 _a008:316.73
_bУ13
100 _aУайт Л.
245 _aИзбраное: еволюция культуры
260 _aМ.
_bРОССПЭН
_c2004
300 _a1064 с.
650 7 _2UDC
942 _cBK
_2udc
955 _a0
999 _c314785
_d314785